| 000 | 00384nam a2200145Ia 4500 | ||
|---|---|---|---|
| 005 | 20251222152007.0 | ||
| 008 | 251222s9999||||xx |||||||||||||| ||spa|| | ||
| 020 | _a9788436250701 | ||
| 082 | _a333.714/C12 | ||
| 100 | _aCabildo Miranda, María del Pilary | ||
| 245 | 0 | _aBases químicas del medio ambiente | |
| 250 | _a1ra. ed. | ||
| 264 | _b Centro de Publicaciones | ||
| 942 | _cLIB | ||
| 999 |
_c24752 _d24752 |
||